| Tag |
First Indicator |
Second Indicator |
Subfields |
| LEADER |
00000ccm a2200000Ia 4500 |
| 001 |
in00002425010 |
| 005 |
20151109170056.0 |
| 008 |
880812s1973 cauzza dh n eng d |
| 019 |
|
|
|a 925950
|a 4582181
|
| 028 |
2 |
2 |
|a Bel-1008
|b Belmont Music Publishers
|
| 035 |
|
|
|a (OCoLC)ocm21854723
|
| 035 |
|
|
|a (OCoLC)21854723
|z (OCoLC)925950
|z (OCoLC)4582181
|
| 040 |
|
|
|a CUY
|c CUY
|d CPL
|d OCL
|d MDY
|d CSU
|d OCL
|d CPL
|d OCLCG
|d UtOrBLW
|
| 045 |
1 |
|
|b d1945
|b d1973
|
| 048 |
|
|
|b vn01
|a sa02
|a sb01
|a sc01
|a ka01
|
| 049 |
|
|
|a TXAM
|
| 090 |
|
|
|a M1625
|b .S283 op. 41 1973
|
| 100 |
1 |
|
|a Schoenberg, Arnold,
|d 1874-1951.
|
| 245 |
1 |
0 |
|a Ode to Napoleon Buonaparte :
|b for string quartet, piano, and reciter, op. 41 /
|c by Arnold Schoenberg ; [words by] Lord Byron.
|
| 264 |
|
1 |
|a Los Angeles :
|b Belmont Music Publishers,
|c [1973]
|
| 264 |
|
4 |
|c ©1973
|
| 300 |
|
|
|a 1 score (4 unnumbered pages, 67 pages) ;
|c 28 cm.
|
| 336 |
|
|
|a notated music
|b ntm
|2 rdacontent
|
| 337 |
|
|
|a unmediated
|b n
|2 rdamedia
|
| 338 |
|
|
|a volume
|b nc
|2 rdacarrier
|
| 500 |
|
|
|a Revised version, 1973.
|
| 500 |
|
|
|a Words also printed as text on 2nd-3rd prelim. p.; explanatory notes: 4th prelim. p.
|
| 650 |
|
0 |
|a Monologues with music (Instrumental ensemble)
|v Scores.
|
| 600 |
0 |
0 |
|a Napoleon
|b I,
|c Emperor of the French,
|d 1769-1821
|v Songs and music.
|
| 600 |
1 |
0 |
|a Byron, George Gordon Byron,
|c Baron,
|d 1788-1824
|v Musical settings.
|
| 700 |
1 |
|
|a Byron, George Gordon Byron,
|c Baron,
|d 1788-1824.
|
| 948 |
|
|
|a cataloged
|b h
|c 2008/11/19
|d c
|e bhartsfi
|f 1:38:35 pm
|
| 994 |
|
|
|a C0
|b TXA
|
| 999 |
|
|
|a MARS
|
| 999 |
f |
f |
|s 5ed8be4b-3695-32bb-8c56-37b4ef1f985e
|i 29b9417c-78ce-3aa4-9946-1fc1976278f1
|t 0
|
| 952 |
f |
f |
|p ric
|a Texas A&M University
|b Rellis Campus
|c Joint Library Facility
|d Remote Storage
|t 0
|e M1625 .S283 op. 41 1973
|h Library of Congress classification
|i unmediated -- volume
|m A14837529676
|
| 998 |
f |
f |
|a M1625 .S283 op. 41 1973
|t 0
|l Remote Storage
|